| 000 | 01694nam a2200241Ia 4500 | ||
|---|---|---|---|
| 008 | 260220t1986||||xx |||||||||||||| ||spa|| | ||
| 040 |
_aPY-SlUNAC _bspa _erda |
||
| 041 | _aspa | ||
| 082 |
_a646.72 _bB437c |
||
| 100 |
_aOdum, E. P. _eAutor |
||
| 245 | 0 |
_aFundamentos de ecología / _cpor E. P. Odum [Autor] |
|
| 264 |
_aCiudad de México : _bIberoamerica, _c℗1986. |
||
| 300 | _a1 volumen | ||
| 520 | _a"Fundamentos de ecología" de Eugene P. Odum es una obra fundamental que establece las bases de la ecología moderna, abordando la complejidad de las interacciones entre los organismos y su entorno. El autor define la ecología como la ciencia que estudia las relaciones entre los seres vivos y su medio ambiente, enfatizando la importancia de comprender los ecosistemas y sus dinámicas. A lo largo del libro, Odum presenta conceptos clave como la energía, los ciclos de nutrientes, la diversidad biológica y la sucesión ecológica, ilustrando cómo estos elementos interactúan para mantener el equilibrio de los ecosistemas. Además, el texto destaca la relevancia de la conservación y la sostenibilidad, alertando sobre las amenazas que enfrenta el medio ambiente debido a la actividad humana. Con un enfoque didáctico, Odum combina teoría y ejemplos prácticos, convirtiendo esta obra en un recurso esencial para estudiantes y profesionales interesados en la ecología y la biología ambiental. | ||
| 653 | _aConservación de recursos naturales | ||
| 653 | _aEcología | ||
| 653 | _aMedio ambiente | ||
| 942 |
_b2026/02/17 _cBK |
||
| 999 |
_c8751 _d8751 |
||